Green Bonds of Supranational Financial Institutions: On the Road to Sustainable Development

Posun k trvalo udržateľnému rozvoju a budovanie hospodárstva s nízkymi emisiami CO2 si vyžaduje financovanie. V tomto smere sa objavil nový smer vo financiách – zelené (udržateľné) financie. Jedným zo zelených finančných nástrojov sú zelené dlhopisy, ktoré prvýkrát vydali nadnárodné finančné inštitú...

Ausführliche Beschreibung

Gespeichert in:
Bibliographische Detailangaben
1. Verfasser: Versal, Nataliia
Weitere Verfasser: Sholoiko, Antonina
Format: Buchkapitel
Sprache:Englisch
Schlagworte:
Tags: Tag hinzufügen
Keine Tags, Fügen Sie das erste Tag hinzu!

MARC

LEADER 00000naa a2200000 4500
001 0283811
005 20250514125203.8
041 0 |a eng 
044 |a GB 
245 1 0 |a Green Bonds of Supranational Financial Institutions: On the Road to Sustainable Development  |c Nataliia Versal, Antonina Sholoiko 
520 |a Posun k trvalo udržateľnému rozvoju a budovanie hospodárstva s nízkymi emisiami CO2 si vyžaduje financovanie. V tomto smere sa objavil nový smer vo financiách – zelené (udržateľné) financie. Jedným zo zelených finančných nástrojov sú zelené dlhopisy, ktoré prvýkrát vydali nadnárodné finančné inštitúcie. Cieľom tohto dokumentu je identifikovať znaky emisií zelených dlhopisov a realizovaných zelených projektov Svetovou bankou a Európskou bankou pre obnovu a rozvoj. Obnoviteľná energia, energetická efektívnosť a čistá doprava zostávajú hlavnými smermi Svetovej banky a zelené projekty Európskej banky pre obnovu a rozvoj predstavovali viac ako 60 % celkového financovania projektov. 
610 2 0 |a dlhopisy zelené 
610 2 0 |a financovanie zelené 
610 2 0 |a emisia 
610 2 0 |a ekonomika zelená 
610 2 0 |a udržateľnosť 
610 2 0 |a rozvoj trvalo udržateľný 
610 2 0 |a environmentalistika 
610 2 0 |a zmeny klimatické 
610 2 0 |a efektívnosť energetická 
610 2 0 |a Svetová banka 
610 2 0 |a Európska banka pre obnovu a rozvoj 
100 1 |a Versal, Nataliia 
700 1 |a Sholoiko, Antonina